000 00732nam a2200241 a 4500
001 70120
003 BD-RjUL
005 20211209081951.0
008 170416s1985 miu 001 0 eng d
020 _a0314885129
035 _a(BD-RjUL)70332
040 _aBD-RjUL
_beng
_cBD-RjUL
_dBD-RjUL
041 _aeng
082 _223
_a520
_bSND 1985
100 1 _aSnow, Theodore P.
_q(Theodore Peck)
_9207668
245 1 4 _aThe dynamic universe :
_ban introduction to astronomy /
_cTheodore P. Snow
250 _a2nd ed
260 _aSt. Paul :
_bWest Publishing Company,
_cc1985
300 _axiv, 598 p. :
_bill. ;
_c27 cm.
504 _aIncludes bibliographical references and index.
650 0 _aAstronomy
_9207669
942 _2ddc
_cBK
999 _c70120
_d70120